| 000 | 00917nam a2200301Ia 4500 | ||
|---|---|---|---|
| 001 | 30877164 | ||
| 003 | OCoLC | ||
| 005 | 20250305092018.0 | ||
| 008 | 940803s1993 miu b 001 0 eng d | ||
| 010 | _a88034364 | ||
| 020 | _a0310367212 | ||
| 035 | _atcgc114394 | ||
| 040 |
_aGFC _cGFC _dMAL |
||
| 050 | _bJ66W | ||
| 082 | _bJ66W | ||
| 090 |
_aBT75.2 _b.J615 1993 |
||
| 100 | 1 |
_aJohnson, Alan F., _d1933- _9387 |
|
| 245 | 1 | 0 |
_aWhat Christians believe : _ba biblical & historical summary / _cAlan F. Johnson, Robert E. Webber. |
| 260 |
_aGrand Rapids, Mich. : _bZondervan, _cc1993. |
||
| 300 |
_axiii, 480 p. ; _c24 cm. |
||
| 504 | _aIncludes bibliographical references and indexes. | ||
| 650 | 0 |
_aTheology, Doctrinal. _9388 |
|
| 650 | 0 |
_aEvangelicalism. _9389 |
|
| 650 | 0 |
_aTheology, Doctrinal. _9388 |
|
| 650 | 0 |
_aEvangelicalism. _9389 |
|
| 700 | 1 |
_aWebber, Robert E., _d1933-2007. _9390 |
|
| 942 |
_2ddc _cBK |
||
| 999 |
_c11289 _d11289 |
||